000 00524nam a2200217Ia 4500
005 20250425162645.0
008 250425s9999 xx 000 0 und d
020 _a081382558X
041 _aeng
043 _axxu
082 _a597.0828
100 _aNOGA, EDWARD J.
245 0 _aFISH DISEASE: DIAGNOSIS AND TREATMENT
250 _aS.E
260 _aEstados Unidos
_bIOWA STATE UNIVERSITY PRESS
_c2000
260 _aNEW YORK
300 _a365
650 _aPATOLOGIA DE PECES
942 _c01
010 _a94675
999 _c233742
_d233742